Statistiques concernant Auteurs de Science-Fiction #2 (Difficile)

Cliquez ici pour prendre le quiz!

Statistiques générales

  • Ce quiz a été pris 8 fois
  • Le résultat moyen est 7 sur 20

Statistiques - réponses

ŒuvreAuteur% Correct
SolarisStanislaw Lem
86%
SiloHugh Howey
57%
Mars la RougeKim Stanley Robinson
57%
La Stratégie EnderOrson Scott Card
57%
Le Monde des non-AA. E. van Vogt
43%
La Guerre éternelleJoe Haldeman
43%
Vision AveuglePeter Watts
43%
En terre étrangèreRobert A. Heinlein
43%
Les Monades urbainesRobert Silverberg
43%
La Cité des permutantsGreg Egan
29%
Tous à ZanzibarJohn Brunner
29%
Jack Barron et l'ÉternitéNorman Spinrad
29%
La Patrouille du tempsPoul Anderson
29%
SpinRobert Charles Wilson
29%
Retour sur TitanStephen Baxter
29%
Les Inhibiteurs (cycle)Alastair Reynolds
14%
Le Monde invertiChristopher Priest
14%
Chroniques du Pays des MèresÉlisabeth Vonarburg
14%
L'Aube de la nuitPeter F. Hamilton
14%
La Tour de BabyloneTed Chiang
14%

Distribution des résultats

Percentile par nombre de réponses

% des personnes avec chaque résultat

Votre développement - résultats

Vous n’avez pas pris ce quiz